000 00570nam a2200193 a 4500
005 20210219152850.0
008 991125n 000 0 spa u
035 _aUPN01000064031
100 _aGUERRERO REYES, Adela
222 _aREVISTA DE LA UNIVERSIDAD PEDAGOGICA NACIONAL
245 _aAnálisis de las estrategias de solución para problemas aditivos
300 _a37-42
362 _a1991 Vol. 7, no. 21, ene.-jun.
650 4 _aARITMÉTICA
653 0 _aNUMEROS
653 0 _aPROCESO ENSEÑANZA-APRENDIZAJE
904 _aAC
_b001842
905 _aArticulo
999 _c62386
_d62386